000 00237nam a2200085Ia 4500
008 220204s9999 xx 000 0 und d
245 0 _aApplications of electronics in agricultural field investigations
260 _aCochin
_c1998
942 _cBK
999 _c43854
_d43854